00347nam a2200121Ia 4500008004100000041000800041082001200049100001800061245004000079260004400119300001900163520004300182240719s9999 xx 000 0 und d aeng a823 MIS aMissal, Kevin aDharmayoddha Kalki Avatar Of Vishnu aNew DelhibFingerprint Publishingc2019 a461.; P 23 Cm. aGifted By : IMT Faculty Dr. Pawan Jain